00506nam a22002057a 4500003000500000005001700005008004100022010000900063011000900072035000900081040000900090082001700099100002500116245005600141260003100197300001100228500001100239650002600250700002400276CHAP20220329133415.0971013s1989 r 00010 d a6007 a6979 a6202 cCHAP a635.2103bL600aLoon, C. D. Vaneed. aPotato termsb: trilingual dictionary of the potato aWageningen :bPudoc,c1989 a402 p. a60-14914aPapaxTerminología.0 aHeij, D.G. van der.